[Event "ESP-ch (Women)"]
[Site "Padron"]
[Date "2011.08.01"]
[Round "1"]
[White "Perera Borrego, Mariela"]
[Black "Sanchez Gabin, Aranzazu"]
[Result "1-0"]
[WhiteElo "2046"]
[BlackElo "1724"]
[PlyCount "75"]
[EventDate "2011.08.01"]
[EventType "swiss"]
[EventRounds "7"]
[EventCountry "ESP"]
[SourceTitle "CBM 143 Extra"]
[Source "ChessBase"]
[SourceDate "2011.08.29"]
[SourceVersion "1"]
[SourceVersionDate "2011.08.29"]
[SourceQuality "1"]

1. d4 Nf6 2. Nf3 g6 3. g3 Bg7 4. Bg2 d6 5. 0-0 0-0 6. c4 Nbd7 7. Nc3 e5 8. e4 a5 9. h3 Re8 10. Re1 exd4 11. Nxd4 Nc5 12. Bf4 Ne6 13. Be3 Nxd4 14. Bxd4 Be6 15. Qd3 Qd7 16. Kh2 h5 17. Rad1 Rad8 18. Nd5 Bxd5 19. cxd5 Qe7 20. Rc1 Rc8 21. f4 Nd7 22. Bxg7 Kxg7 23. Qc3+ Kg8 24. Qxa5 Nc5 25. Qc3 h4 26. e5 hxg3+ 27. Qxg3 Qd7 28. h4 Qb5 29. b3 Ra8 30. e6 Rxa2 31. h5 fxe6 32. Qxg6+ Kh8 33. Qf6+ Kh7 34. Qg6+ Kh8 35. Qh6+ Kg8 36. Re3 Kf7 37. Qh7+ Kf6 38. Rg3 1-0

[Event "Gallego-ch U18"]
[Site "Pontedeume A Coruna"]
[Date "2010.02.15"]
[Round "5.13"]
[White "Sanchez Gabin, Aranzazu"]
[Black "Formoso Leal, Laura"]
[Result "1-0"]
[WhiteElo "1631"]
[BlackElo "1401"]
[PlyCount "79"]
[EventDate "2010.02.13"]
[EventType "swiss"]
[EventRounds "8"]
[EventCountry "ESP"]
[SourceTitle "EXT 2024"]
[Source "ChessBase"]
[SourceDate "2023.10.10"]
[SourceVersion "1"]
[SourceVersionDate "2023.10.10"]
[SourceQuality "1"]

1. Nf3 d5 2. c4 Nf6 3. g3 Bf5 4. Bg2 e6 5. 0-0 Bd6 6. d3 0-0 7. Nc3 c6 8. Re1 Bg4 9. Qc2 e5 10. Bg5 Be6 11. Nd2 Nbd7 12. cxd5 cxd5 13. Bxd5 Bxd5 14. Nxd5 h6 15. Nxf6+ Nxf6 16. Bxf6 Qxf6 17. Ne4 Qd8 18. Nxd6 Qxd6 19. Rac1 Rac8 20. Qb3 Qd7 21. Rc3 Rc6 22. Rec1 Rfc8 23. Kg2 Kf8 24. Qb4+ Kg8 25. Qb3 Kf8 26. R1c2 R8c7 27. Qb5 f6 28. Rxc6 Rxc6 29. Rxc6 Qxc6+ 30. Qxc6 bxc6 31. Kf3 Ke7 32. Ke4 g6 33. d4 Ke6 34. dxe5 fxe5 35. b4 Kd6 36. e3 Ke6 37. f4 exf4 38. exf4 a6 39. a3 h5 40. h3 1-0